000 00652nam a2200205 i 4500
001 86617
003 ES-MaACL
005 20231215062952.0
007 t|
008 041214s1978 sp ||||1| spa d
020 _a84-388-0601-5
080 _a087.5:830-34"19"
100 1 _aKaufmann, Angelika.
_967645
245 1 0 _aEsta es mi ventana /
_cAngelika Kaufmann ; traducido [del alemán] por Carmen Bravo-Villasante.
260 _aMadrid :
_bInterduc-Schroedel,
_c[1978]
300 _a10 h. :
_bprincipalmente il. col. ;
_c23 x 25 cm.
700 1 _aBravo-Villasante, Carmen,
_d1918-1994
_931507
852 4 _aES-MaACL
_jA-9272
999 _c86617
_d86617